000 01364nam a22003614 4500
001 197046
003 ES-MaACL
005 20250813063348.0
008 250320s1999 sp | ||| ||spa
016 7 _abimoBNE19995627460
_2SpMaBN
017 _aB 7788-1999
_bOficina Depósito Legal Barcelona
020 _a8408029487
035 _a(OCoLC)651494802
035 _a(SpMaBN)bimo0001307359
040 _aSpMaBN
_bspa
_cSpMaBN
_erdc
080 _a821.134.2-31"19"
100 1 _aGala, Antonio,
_d1936-2023
_9226511
_eaut
245 1 4 _aLas afueras de Dios /
_cAntonio Gala.
250 _aPrimera edición: marzo 1999
_bSegunda edición: marzo 1999
260 _aBarcelona :
_bPlaneta,
_c1999.
300 _a397 páginas ;
_c22 cm.
336 _2rdacontent
_atexto
337 _2rdamedia
_asin mediación
338 _2rdacarrier
_avolumen
490 1 _aAutores españoles e iberoamericanos
655 0 _9234319
_aNovelas
852 _aES-MaACL
_cDEPOJ
_hDonación: José Lázaro García
_xEncuadernación cartoné
_zParece que el libro tuvo sobrecubierta en origen
_9206535
_jN-10412
903 _9234219
_aLázaro García, José
_ednr
942 _cMONOGRAFIA
_n0
999 _c197046
_d197046